1031 1751 1705 1976 1024 1566 1621 1400 1136 1696 1637 1233 1979 1976 1866 1595 1506 1206 1339 1498 1814 1938 1792 1432 1010 1310 1738 1197 1683 1550 1465 1445 1490 1181 1834 1194 1744 1083 1468 1463 1643 1126 1317 1097 1496 1548 1792 1933 1645 1111 1794 1126 1437 1072 1725 1384 1310 1749 1835 1627 1494 1293 1168 1568 1339 1291 1986 1670 1627 1327 1279 1720 1222 1216 1315 1389 1017 1095 1907 1999 1343 1379 1707 1751 1793 1686 1790 1661 1874 1070 1721 1998 1140 1925 1756 1293 1212 1428 1722 BCNSPRNW ULIB Ver.6.0+V

เปลี่ยนเป็นภาษาไทย

Change to English
 แสดงรายละเอียดบรรณานุกรม
  กลับหน้าหลัก

Brief Record : Get Marc (ISO 2709) : E-mail record : QR code < ปิดหน้าต่าง
LEADER : 00000nam 2200000uu 4500
001    13399110466
003     ULIB
008    110601s2548||||th 000 0 tha d
020    9749717864
060 04 WO200^bต367 2548
245 00 ตำราวิสัญญีวิทยา /^cอังกาบ ปราการรัตน์, วรภา สุวรรณจินดา,บรรณาธิการ
250    พิมพ์ครั้งที่ 3
260    กรุงเทพฯ :^bภาควิชาวิสัญญีวิทยา คณะแพทยศาสตร์ศิริราชพยาบาลมหาวิทยาลัยมหิดล,^c2548
300    ฑ, 782 หน้า :^bภาพประกอบ ;^c30 ซม.
500    พิมพ์ครั้งที่ 1 และครั้งที่ 3 ปีเดียวกัน
500    หนังสือได้รับรางวัลประเภทชมเชย รางวัลตำราศิริราช-มหิดล ปี2548
650  7 ยาระงับความรู้สึก
650  7 วิสัญญีวิทยา
650  7 รางวัลตำราศิริราช-มหิดล
653    ผลงานอาจารย์คณะแพทยศาสตร์ศิริราชพยาบาล
700 0  อังกาบ ปราการรัตน์,^eบรรณาธิการ
700 0  วรภา สุวรรณจินดา,^eบรรณาธิการ
710 2  มหาวิทยาลัยมหิดล. ^bคณะแพทยศาสตร์ศิริราชพยาบาล.^bภาควิชาวิสัญญีวิทยา
945    ^p500^l0^i024015
945    ^p500^l0^i018884
995    ทศพร
999 ^a ใช้งานได้ทุกระบบ
รายการนี้ยังไม่มีแท็ก
คุณยังไม่ได้ล็อกอิน คุณสามารถมีกิจกรรมร่วมกับเว็บไซต์ได้ แต่ต้องล็อกอินก่อน ::
  ล็อกอิน

รายการสื่อสารสนเทศ

ลำดับที่ ประเภท เลขเรียก/บาร์โค้ด สถานที่ สถานะ
1. วิทยาศาสตร์การแพทย์ และสุขภาพ
วิทยาศาสตร์การแพทย์ และสุขภาพ
สถานะ=หนังสือเก่า
WO200 ต367 2548 ฉ.1 
  Barcode: 018884
ห้องสมุดวิทยาเขตสวรรค์ประชารักษ์
►ส่วนจัดเก็บหนังสือเก่า สปร
บนชั้น
  ขอยืม
2. วิทยาศาสตร์การแพทย์ และสุขภาพ
วิทยาศาสตร์การแพทย์ และสุขภาพ
สถานะ=หนังสือเก่า
WO200 ต367 2548 ฉ.2 
  Barcode: 024015
ห้องสมุดวิทยาเขตสวรรค์ประชารักษ์
►ส่วนจัดเก็บหนังสือเก่า สปร
บนชั้น
  ขอยืม

รายการใกล้เคียง
    หัวเรื่อง [ยาระงับความรู้สึก]
    หัวเรื่อง [วิสัญญีวิทยา]
    หัวเรื่อง [รางวัลตำราศิริราช-มหิดล]

BibComment


ยังไม่เคยถูกคอมเมนท์

คอมเมนท์ทรัพยากรรายการนี้
  คอมเมนท์: ตำราวิสัญญีวิทยา ..


 Copyright 2026. Bcnsprnw @Library